000 01295namaa22003131i 4500
005 20260401114243.0
008 260401s1995 ua a|||frm||| 000 0 eng d
040 _aEG-GICUC
_beng
_cEG-GICUC
_dEG-GICUC
_erda
041 0 _aeng
_beng
_bara
049 _aDeposit
097 _aM.Sc
099 _aCai01.11.25.M.Sc.1995.Ma.I.
100 0 _aMahmoud Mohamed EL-Makhzangy,
_epreparation.
245 1 0 _aInternal Fixation Of Metacarpal And Phalangeal Fractures Of The Hand /
_cBy Mahmoud Mohamed EL-Makhzangy; Supervised By Prof.Dr. Emad EL-Din Halawa, Assist. Prof.Dr.Ashraf AL-Nahal.
246 1 5 _aالتثبيت الداخلي لكسور مشطيات وسلاميات اليد /
264 0 _c1995.
300 _a162 pages :
_billustrations ;
_c30 cm. +
336 _2rda content
_atext
337 _2rdamedia
_aUnmediated
338 _2rdacarrier
_avolume
502 _aThesis (M.Sc.) -Cairo University, 1995.
504 _aBibliography: pages 140-162.
653 0 _aOrthopaedic Surgery
700 0 _aEmad EL-Din Halawa
_ethesis advisor.
700 0 _aAshraf AL-Nahal
_ethesis advisor.
900 _DDepartment of Orthopaedic Surgery
_FFaculty of Medicine
_UCairo University
_b1995
_cEmad EL-Din Halawa
_cAshraf AL-Nahal
905 _aEman El gebaly
942 _2ddc
_cTH
_e21
_n0
999 _c179118